000 00491nam a2200193 a 4500
001 1761205392535
003 ACL
005 20251023131505.0
008 251023s1995##################000#0#eng##
020 _a9780521466165
082 0 4 _a658.575
_bSUL
100 1 _aSullivan, Neil F.,
_eauthor.
245 1 0 _aTechnology Transfer :
260 _bCambridge University Press,
_c1995.
300 _a240 pages
650 0 _aBusiness & Economics.
942 _cENGLISH
040 _aACL
_beng
_cACL
999 _c592869
_d592869